00524nam a2200121Ia 4500008004100000082002000041100002600061245009000087260003900177365000600216630009000222730009000312100415s9999 xx 000 0 und d b13142a333.7516 aCOLLINS N. MARK (ED.) aAsia and the Pacific : the conservation atlas of tropical forests: FOR REFERENCE ONLY aLONDONc1991bMACMILLAN PRESS LTD. b0 aAsia and the Pacific : the conservation atlas of tropical forests: FOR REFERENCE ONLY aAsia and the Pacific : the conservation atlas of tropical forests: FOR REFERENCE ONLY